| 000 -LEADER | |
|---|---|
| fixed length control field | 00371nam a22001577a 4500 |
| 005 - DATE AND TIME OF LATEST TRANSACTION | |
| control field | 20170919160022.0 |
| 008 - FIXED-LENGTH DATA ELEMENTS--GENERAL INFORMATION | |
| fixed length control field | 170919b xxu||||| |||| 00| 0 eng d |
| 020 ## - INTERNATIONAL STANDARD BOOK NUMBER | |
| ISBN | 81-7409-173-4 |
| 041 ## - LANGUAGE CODE | |
| Language code of text/sound track or separate title | eng |
| 082 ## - DEWEY DECIMAL CLASSIFICATION NUMBER | |
| Classification number | 621.310 42 |
| 100 ## - MAIN ENTRY--AUTHOR NAME | |
| Personal name | Bimbhra,Dr P S |
| 245 ## - TITLE STATEMENT | |
| Title | Electrical Machinery |
| 260 ## - PUBLICATION, DISTRIBUTION, ETC. (IMPRINT) | |
| Place of publication | New Delhi |
| Name of publisher | Khanna Publishers |
| 300 ## - PHYSICAL DESCRIPTION | |
| Number of Pages | 1100 |
| 942 ## - ADDED ENTRY ELEMENTS (KOHA) | |
| Koha item type | Books |
| Lost status | Damaged status | Collection code | Home library | Current library | Shelving location | Date acquired | Source of acquisition | Cost, normal purchase price | Full call number | Accession Number | Koha item type |
|---|---|---|---|---|---|---|---|---|---|---|---|
| Reference | JRU Library | SHELF-38-J | 19/09/2017 | Purchase | 475.00 | 621.310 42 | 22021 | Books | |||
| JRU Library | SHELF-38-J | 19/09/2017 | Purchase | 475.00 | 621.310 42 | 22022 | Books | ||||
| JRU Library | SHELF-38-J | 19/09/2017 | Purchase | 475.00 | 621.310 42 | 22023 | Books | ||||
| JRU Library | SHELF-38-J | 19/09/2017 | Purchase | 475.00 | 621.310 42 | 22024 | Books | ||||
| JRU Library | SHELF-38-J | 19/09/2017 | Purchase | 475.00 | 621.310 42 | 22025 | Books |